Harry Potter: le Navire de Durmstrang - Statistiques

Statistiques générales
  • Ce quiz a été pris 40 fois
  • Le résultat moyen est 5 sur 5
Statistiques - réponses
Information Réponses % Correct
Première apparition Harry Potter et la Coupe de Feu
100%
Dernière apparition Harry Potter et la Coupe de Feu
100%
Propriétaire Durmstrang
97%
Résident temporaire connu Igor Karkaroff
97%
Résident temporaire connu Viktor Krum
94%
Aucun quiz correspondant
Distribution des résultats
% des personnes avec chaque résultat
Percentile par nombre de réponses
Votre historique - résultats
Vous n’avez pas pris ce quiz